| 000 | 00632nam a2200193Ia 4500 | ||
|---|---|---|---|
| 003 | LDD | ||
| 008 | 190117s9999 xx 000 0 und d | ||
| 020 |
_a9789350005200 _c₹250 |
||
| 040 | _cLDD | ||
| 041 | _ahi | ||
| 082 | _a8H3.7 शा76अ | ||
| 100 | _aशाह, रमेशचन्द्र | ||
| 245 | 0 |
_aअसबाब ए वीरानी _cरमेशचन्द्र शाह |
|
| 260 |
_aनई दिल्ली _bवाणी प्रकाशन _c2012 |
||
| 300 | _a151 | ||
| 901 | _aVANI | ||
| 904 | _aReqst by : Satyakam | ||
| 942 |
_2ddc _cH |
||
| 999 |
_c171656 _d171656 |
||